<?xml version="1.0" encoding="UTF-8"?>
<collection xmlns="http://www.loc.gov/MARC21/slim">
<record>
  <controlfield tag="001">171168</controlfield>
  <controlfield tag="005">20260515163945.0</controlfield>
  <datafield tag="024" ind1="7" ind2=" ">
    <subfield code="2">doi</subfield>
    <subfield code="a">10.20318/labos.2025.10113</subfield>
  </datafield>
  <datafield tag="024" ind1="8" ind2=" ">
    <subfield code="2">sideral</subfield>
    <subfield code="a">149188</subfield>
  </datafield>
  <datafield tag="037" ind1=" " ind2=" ">
    <subfield code="a">ART-2026-149188</subfield>
  </datafield>
  <datafield tag="041" ind1=" " ind2=" ">
    <subfield code="a">spa</subfield>
  </datafield>
  <datafield tag="100" ind1=" " ind2=" ">
    <subfield code="a">Ruiz Mur, Paula</subfield>
    <subfield code="u">Universidad de Zaragoza</subfield>
    <subfield code="0">(orcid)0009-0002-3157-9417</subfield>
  </datafield>
  <datafield tag="245" ind1=" " ind2=" ">
    <subfield code="a">Sierra Hernáiz, Elisa y Vallejo Da Costa, Ruth. Prevención de riesgos laborales y perspectiva de género</subfield>
  </datafield>
  <datafield tag="260" ind1=" " ind2=" ">
    <subfield code="c">2026</subfield>
  </datafield>
  <datafield tag="520" ind1="3" ind2=" ">
    <subfield code="a">Tradicionalmente, la prevención de riesgos laborales ha sido abordada desde un enfoque subjetivo universal, basada en el androcentrismo, sin considerar las diferencias biológicas, sociales y culturales existentes entre hombres y mujeres a la hora de analizar y evaluar los riesgos presentes en el puesto y centro de trabajo, dando lugar así a una incorrecta elección y aplicación de las medidas preventivas. Como consecuencia de ello, han pasado desapercibidas las desigualdades a las que se enfrentan las mujeres, especialmente en sectores altamente feminizados, como la educación, la sanidad o el trabajo de cuidados, en los que los riesgos específicos a los que se exponen las trabajadoras son subestimados o simplemente ignorados, acentuando la idea de que los riesgos laborales afectan por igual a todas las personas trabajadoras, independientemente de su género. No obstante, se debe tener en cuenta que son diversos los factores que influyen directamente en la seguridad y salud de las mujeres. Entre estos se encuentran aspectos biológicos como el embarazo, la lactancia o la menopausia, así como elementos socioculturales, tales como la segregación ocupacional, el acoso laboral o por razón de sexo, o el arraigo cultural de roles de genero tradicionales.</subfield>
  </datafield>
  <datafield tag="506" ind1="0" ind2=" ">
    <subfield code="a">Access copy available to the general public</subfield>
    <subfield code="f">Unrestricted</subfield>
  </datafield>
  <datafield tag="540" ind1=" " ind2=" ">
    <subfield code="9">info:eu-repo/semantics/openAccess</subfield>
    <subfield code="a">by-nc-nd</subfield>
    <subfield code="u">https://creativecommons.org/licenses/by-nc-nd/4.0/deed.es</subfield>
  </datafield>
  <datafield tag="655" ind1=" " ind2="4">
    <subfield code="a">info:eu-repo/semantics/article</subfield>
    <subfield code="v">info:eu-repo/semantics/publishedVersion</subfield>
  </datafield>
  <datafield tag="710" ind1="2" ind2=" ">
    <subfield code="1">4003</subfield>
    <subfield code="2">140</subfield>
    <subfield code="a">Universidad de Zaragoza</subfield>
    <subfield code="b">Dpto. Derecho de la Empresa</subfield>
    <subfield code="c">Área Derecho Trabajo y S.S.</subfield>
  </datafield>
  <datafield tag="773" ind1=" " ind2=" ">
    <subfield code="g">6, 3 (2026), 287-292</subfield>
    <subfield code="p">Labos (Getafe)</subfield>
    <subfield code="t">Labos (Getafe)</subfield>
    <subfield code="x">2660-7360</subfield>
  </datafield>
  <datafield tag="856" ind1="4" ind2=" ">
    <subfield code="s">75839</subfield>
    <subfield code="u">http://zaguan.unizar.es/record/171168/files/texto_completo.pdf</subfield>
    <subfield code="y">Versión publicada</subfield>
  </datafield>
  <datafield tag="856" ind1="4" ind2=" ">
    <subfield code="s">2786207</subfield>
    <subfield code="u">http://zaguan.unizar.es/record/171168/files/texto_completo.jpg?subformat=icon</subfield>
    <subfield code="x">icon</subfield>
    <subfield code="y">Versión publicada</subfield>
  </datafield>
  <datafield tag="909" ind1="C" ind2="O">
    <subfield code="o">oai:zaguan.unizar.es:171168</subfield>
    <subfield code="p">articulos</subfield>
    <subfield code="p">driver</subfield>
  </datafield>
  <datafield tag="951" ind1=" " ind2=" ">
    <subfield code="a">2026-05-15-14:54:17</subfield>
  </datafield>
  <datafield tag="980" ind1=" " ind2=" ">
    <subfield code="a">ARTICLE</subfield>
  </datafield>
</record>
</collection>